[Event "Queima das Fitas op"]
[Site "Coimbra"]
[Date "2022.04.24"]
[Round "3"]
[White "Alegre, Fabio Costa"]
[Black "Sousa, Joao Francisco Silv"]
[Result "1-0"]
[WhiteElo "1765"]
[BlackElo "1978"]
[PlyCount "147"]
[EventDate "2022.04.23"]
[EventType "swiss"]
[EventRounds "7"]
[EventCountry "POR"]
[SourceTitle "EXT 2023"]
[Source "ChessBase"]
[SourceDate "2022.10.05"]
[SourceVersion "1"]
[SourceVersionDate "2022.10.05"]
[SourceQuality "1"]

1. Nf3 Nf6 2. g3 g6 3. b3 Bg7 4. Bb2 0-0 5. Bg2 d6 6. d4 Nbd7 7. 0-0 e5 8. dxe5 Ng4 9. c4 Ngxe5 10. Nxe5 Nxe5 11. Nc3 Be6 12. Qd2 Rb8 13. Rad1 Qd7 14. Ne4 Bh3 15. f4 Bxg2 16. Kxg2 Qc6 17. Qd5 Ng4 18. Qxc6 bxc6 19. Bc1 Rfe8 20. Nf2 Ne3+ 21. Bxe3 Rxe3 22. Rd2 Rbe8 23. Nd3 Rxe2+ 24. Rxe2 Rxe2+ 25. Rf2 Re4 26. Kf3 f5 27. Nb4 d5 28. Re2 Rxe2 29. Kxe2 dxc4 30. bxc4 Bd4 31. Nxc6 Bc5 32. Ne5 Bg1 33. Kf3 Kf8 34. h3 Ke7 35. g4 Kd6 36. gxf5 gxf5 37. Nd3 Bd4 38. Ke2 Kc6 39. Kd1 Kb6 40. Kc2 Ka5 41. Kb3 Be3 42. a3 h6 43. a4 Kb6 44. Kc2 Ka5 45. Kb3 a6 46. Ka3 h5 47. Kb3 h4 48. Ka3 Kb6 49. Kb3 Bd2 50. Kc2 Be3 51. Kb3 Bd4 52. Ka3 Bc5+ 53. Kb3 Bf8 54. Ne5 Bh6 55. Ng6 Kc5 56. Nxh4 Bxf4 57. Nxf5 Kc6 58. h4 Kd7 59. Kb4 Bd2+ 60. Kc5 Ke6 61. Nd4+ Kd7 62. Kd5 Bf4 63. h5 Bd2 64. Nf5 c6+ 65. Kc5 Kc7 66. h6 Bc3 67. h7 a5 68. Nh4 Bf6 69. Ng6 Bg5 70. h8Q Be3+ 71. Qd4 Bxd4+ 72. Kxd4 Kd6 73. c5+ Ke6 74. Ne5 1-0

[Event "Coimbra op"]
[Site "Coimbra"]
[Date "2015.05.02"]
[Round "5"]
[White "Silva, Miguel Antonio Neto"]
[Black "Sousa, Joao Francisco Silv"]
[Result "1/2-1/2"]
[WhiteElo "2186"]
[BlackElo "1930"]
[PlyCount "75"]
[EventDate "2015.04.30"]
[EventType "swiss"]
[EventRounds "7"]
[EventCountry "POR"]
[SourceTitle "CBM 166 Extra"]
[Source "ChessBase"]
[SourceDate "2015.06.18"]
[SourceVersion "1"]
[SourceVersionDate "2015.06.18"]
[SourceQuality "1"]

1. d4 Nf6 2. c4 c5 3. d5 b5 4. cxb5 a6 5. bxa6 g6 6. Nc3 Bxa6 7. Nf3 d6 8. e4 Bxf1 9. Kxf1 Bg7 10. g3 0-0 11. Kg2 Nbd7 12. Qc2 Qa5 13. Rb1 Rfb8 14. Bd2 Ng4 15. b3 Nge5 16. Nxe5 Nxe5 17. Na4 Qb5 18. Bc3 Rc8 19. f4 Nd3 20. Bxg7 Kxg7 21. Nc3 Qa6 22. Rhd1 c4 23. bxc4 Qxc4 24. Qxd3 Qxc3 25. Qxc3+ Rxc3 26. Rd2 Re3 27. Rb4 f5 28. exf5 gxf5 29. Rb7 Kf6 30. Rbb2 Raa3 31. Kf2 h5 32. Re2 Rxe2+ 33. Kxe2 Kg6 34. Kd1 h4 35. Rg2 h3 36. Rd2 Rc3 37. Re2 Kf6 38. Re6+ 1/2-1/2

[Event "Coimbra op"]
[Site "Coimbra"]
[Date "2015.05.02"]
[Round "4"]
[White "Sousa, Joao Francisco Silv"]
[Black "Hammes, Michael"]
[Result "1/2-1/2"]
[WhiteElo "1930"]
[BlackElo "2346"]
[PlyCount "42"]
[EventDate "2015.04.30"]
[EventType "swiss"]
[EventRounds "7"]
[EventCountry "POR"]
[SourceTitle "CBM 166 Extra"]
[Source "ChessBase"]
[SourceDate "2015.06.18"]
[SourceVersion "1"]
[SourceVersionDate "2015.06.18"]
[SourceQuality "1"]

1. e4 e6 2. d4 d5 3. Nd2 Nf6 4. e5 Nfd7 5. Bd3 c5 6. c3 Nc6 7. Ne2 cxd4 8. cxd4 f6 9. exf6 Qxf6 10. 0-0 Bd6 11. Nf3 h6 12. Ng3 0-0 13. Be3 Rd8 14. Nh5 Qf7 15. Nh4 Nf8 16. f4 Be7 17. Qg4 Bxh4 18. Qxh4 Bd7 19. a3 Be8 20. g4 Qe7 21. Qh3 Bxh5 1/2-1/2

[Event "Coimbra Queima das Fitas op"]
[Site "Coimbra"]
[Date "2015.05.01"]
[Round "3"]
[White "Sousa, Joao Francisco Silv"]
[Black "Bastiao, Goncalo de Oliveira"]
[Result "1-0"]
[WhiteElo "1940"]
[BlackElo "1462"]
[PlyCount "49"]
[EventDate "2015.04.30"]
[EventType "swiss"]
[EventRounds "7"]
[EventCountry "POR"]
[SourceTitle "EXT 2018"]
[Source "ChessBase"]
[SourceDate "2017.10.13"]
[SourceVersion "1"]
[SourceVersionDate "2017.10.13"]
[SourceQuality "1"]

1. e4 c5 2. Nf3 d6 3. d4 cxd4 4. Nxd4 Nf6 5. Nc3 g6 6. Be3 Bg7 7. f3 a6 8. Bc4 b5 9. Bb3 Bb7 10. Qd2 h5 11. 0-0-0 Nbd7 12. Kb1 Rc8 13. Rhe1 Ne5 14. Bg5 Nc4 15. Bxc4 Rxc4 16. Nb3 Nd7 17. Nd5 f6 18. Be3 e5 19. Na5 Bxd5 20. Qxd5 Rc8 21. Nb7 Qc7 22. Nxd6+ Kd8 23. Nxc8 Kxc8 24. Qe6 Qd8 25. Qxa6+ 1-0

[Event "Lisbon Christmas op"]
[Site "Lisbon"]
[Date "2014.12.30"]
[Round "8"]
[White "Shamima, Akter Liza"]
[Black "Sousa, Joao Francisco Silv"]
[Result "0-1"]
[WhiteElo "2159"]
[BlackElo "1915"]
[PlyCount "121"]
[EventDate "2014.12.26"]
[EventType "swiss"]
[EventRounds "9"]
[EventCountry "POR"]
[SourceTitle "EXT 2018"]
[Source "ChessBase"]
[SourceDate "2017.10.13"]
[SourceVersion "1"]
[SourceVersionDate "2017.10.13"]
[SourceQuality "1"]

1. d4 Nf6 2. c4 c5 3. d5 b5 4. cxb5 a6 5. bxa6 Bxa6 6. Nc3 g6 7. g3 d6 8. Bg2 Bg7 9. Nf3 0-0 10. 0-0 Nbd7 11. h3 Ne8 12. Qc2 Nc7 13. Rd1 Nb6 14. e4 Nb5 15. e5 Nxc3 16. bxc3 dxe5 17. a4 Nc4 18. Nd2 Nd6 19. Ba3 Qb6 20. Rdb1 Qa7 21. Nb3 Rac8 22. Na5 Bd3 23. Nc6 Rxc6 24. Qxd3 Rc7 25. Qc2 f5 26. Bf1 e4 27. Bc1 Qa5 28. Ra3 c4 29. Be3 Qxd5 30. a5 Nb5 31. Rxb5 Qxb5 32. a6 Ra8 33. a7 e5 34. Qa4 Qc6 35. Qb4 Bf8 36. Qb8 Rc8 37. Qxe5 Bxa3 38. Bd4 Bf8 39. Be2 Rc7 40. Qh8+ Kf7 41. g4 Bd6 42. Qxh7+ Kf8 43. Qh8+ Ke7 44. Qf6+ Kd7 45. gxf5 Bh2+ 46. Kxh2 Qxf6 47. Bxf6 gxf5 48. Bd4 Ke6 49. Kg3 Kd5 50. Kf4 Raxa7 51. Bxa7 Rxa7 52. Bh5 Rh7 53. Kg5 Ke5 54. h4 Rg7+ 55. Bg6 f4 56. h5 e3 57. fxe3 fxe3 58. h6 Ra7 59. Bh5 Ke4 60. Kg6 Kd3 61. h7 0-1

[Event "Lisbon Christmas op"]
[Site "Lisbon"]
[Date "2014.12.29"]
[Round "7"]
[White "Sousa, Joao Francisco Silv"]
[Black "Rodrigues, Jose Pedro Da Costa"]
[Result "1-0"]
[WhiteElo "1915"]
[BlackElo "1536"]
[PlyCount "73"]
[EventDate "2014.12.26"]
[EventType "swiss"]
[EventRounds "9"]
[EventCountry "POR"]
[SourceTitle "EXT 2018"]
[Source "ChessBase"]
[SourceDate "2017.10.13"]
[SourceVersion "1"]
[SourceVersionDate "2017.10.13"]
[SourceQuality "1"]

1. e4 e6 2. d4 d5 3. Nd2 dxe4 4. Nxe4 Be7 5. Nf3 Nf6 6. Ng3 0-0 7. Bd3 c5 8. 0-0 Nc6 9. c3 cxd4 10. cxd4 Nb4 11. Bb1 Bd7 12. Ne5 Bb5 13. Re1 Nbd5 14. a3 Rc8 15. f4 g6 16. Qf3 Qb6 17. Qf2 Qc7 18. Bd2 Bd6 19. h3 Rfe8 20. Ne4 Nxe4 21. Bxe4 f6 22. Rac1 Qg7 23. Nd3 b6 24. Qf3 Nc7 25. Bb7 Rcd8 26. Kh1 Ba6 27. Bc6 Re7 28. Nb4 Bb5 29. Bxb5 Nxb5 30. Nc6 Rde8 31. Nxe7+ Qxe7 32. d5 e5 33. Rc4 Qd7 34. Bb4 Bxb4 35. Rxb4 Nd4 36. Qd3 Qxd5 37. Rxd4 1-0

[Event "Coimbra op"]
[Site "Coimbra"]
[Date "2014.04.27"]
[Round "6"]
[White "Veiga, Jose Francisco RP"]
[Black "Sousa, Joao Francisco Silv"]
[Result "1-0"]
[WhiteElo "1649"]
[BlackElo "1942"]
[PlyCount "99"]
[EventDate "2014.04.25"]
[EventType "swiss"]
[EventRounds "7"]
[EventCountry "POR"]
[SourceTitle "CBM 160 Extra"]
[Source "ChessBase"]
[SourceDate "2014.07.01"]
[SourceVersion "1"]
[SourceVersionDate "2014.07.01"]
[SourceQuality "1"]

1. e4 Nf6 2. e5 Nd5 3. d4 d6 4. Nf3 g6 5. exd6 Qxd6 6. c4 Nf6 7. Nc3 c6 8. h3 Bg7 9. Be2 Bf5 10. Nh4 Be6 11. Be3 0-0 12. 0-0 Na6 13. Qa4 Nc7 14. Nf3 a6 15. c5 Qd8 16. Ng5 Bd5 17. Nxd5 Nfxd5 18. Bc4 e6 19. Ne4 Qh4 20. Nd6 Nxe3 21. fxe3 Qg5 22. Rf3 Rab8 23. Raf1 f5 24. Qa5 Nd5 25. Bxd5 exd5 26. Qc7 Qd8 27. Qxd8 Rfxd8 28. g4 fxg4 29. hxg4 Bf8 30. Nf7 Re8 31. Ne5 Bg7 32. Nd7 Rbd8 33. Nb6 Rf8 34. Rxf8+ Rxf8 35. Rxf8+ Kxf8 36. Nc8 Bf6 37. Nd6 b5 38. cxb6 Bd8 39. Nc8 Ke8 40. b7 Bc7 41. Nb6 Kd8 42. Na4 Bd6 43. Nc5 Kc7 44. Nxa6+ Kxb7 45. Nc5+ Kb6 46. Nd7+ Kb5 47. Kf2 h5 48. Ne5 Bxe5 49. dxe5 c5 50. a4+ 1-0

[Event "POR-ch U20"]
[Site "Torres Vedras"]
[Date "2011.04.13"]
[Round "6"]
[White "Sousa, Joao Francisco Silv"]
[Black "Martins, Andre"]
[Result "1-0"]
[WhiteElo "1892"]
[BlackElo "1733"]
[PlyCount "37"]
[EventDate "2011.04.10"]
[EventType "swiss"]
[EventRounds "7"]
[EventCountry "POR"]
[SourceTitle "CBM 141 Extra"]
[Source "ChessBase"]
[SourceDate "2011.05.03"]
[SourceVersion "1"]
[SourceVersionDate "2011.05.03"]
[SourceQuality "1"]

1. e4 d6 2. d4 Nf6 3. f4 g6 4. Nc3 Bg7 5. Nf3 c5 6. Bb5+ Bd7 7. e5 Ng8 8. d5 Nh6 9. 0-0 0-0 10. Qe1 e6 11. Bxd7 Qxd7 12. dxe6 Qxe6 13. Ng5 Qc4 14. exd6 Qd4+ 15. Be3 Qxd6 16. Rd1 Qe7 17. Nd5 Qd6 18. Ne4 Qe6 19. Nxc5 1-0

[Event "Figueira da Foz op 7th"]
[Site "Figueira da Foz"]
[Date "2010.11.05"]
[Round "7.25"]
[White "Pena, Helio Adelino Silva"]
[Black "Sousa, Joao Francisco Silv"]
[Result "0-1"]
[WhiteElo "1924"]
[BlackElo "1876"]
[PlyCount "74"]
[EventDate "2010.10.31"]
[EventType "swiss"]
[EventRounds "9"]
[EventCountry "POR"]
[SourceTitle "EXT 2011"]
[Source "ChessBase"]
[SourceDate "2010.11.26"]
[SourceVersion "1"]
[SourceVersionDate "2010.11.26"]
[SourceQuality "1"]

1. d4 Nf6 2. c4 c5 3. d5 b5 4. b3 g6 5. Nd2 Bg7 6. Rb1 d6 7. e4 bxc4 8. Bxc4 Qa5 9. Ne2 0-0 10. 0-0 Nbd7 11. Bb2 Qc7 12. f4 Nb6 13. Qc2 Bd7 14. h3 e6 15. Bxf6 Bxf6 16. Nc3 Rae8 17. Rbd1 Bd4+ 18. Kh1 exd5 19. Nxd5 Nxd5 20. Bxd5 Bc6 21. Bxc6 Qxc6 22. Rde1 f5 23. Nf3 Rxe4 24. Ng5 Rxe1 25. Rxe1 d5 26. Qe2 Bf6 27. Nf3 Kf7 28. Ne5+ Bxe5 29. fxe5 Ke6 30. g4 f4 31. Qf3 g5 32. h4 gxh4 33. Qh3 d4+ 34. Kh2 f3 35. Qxh4 f2 36. Rf1 Qf3 37. Qg5 Qf4+ 0-1

[Event "Figueira da Foz op 6th"]
[Site "Figueira da Foz"]
[Date "2009.12.06"]
[Round "9"]
[White "Felicio, Fernando"]
[Black "Sousa, Joao Francisco Silv"]
[Result "1/2-1/2"]
[WhiteElo "1916"]
[BlackElo "1852"]
[PlyCount "44"]
[EventDate "2009.11.27"]
[EventType "swiss"]
[EventRounds "9"]
[EventCountry "POR"]
[SourceTitle "CBM 133 Extra"]
[Source "ChessBase"]
[SourceDate "2010.01.05"]
[SourceVersion "1"]
[SourceVersionDate "2010.01.05"]
[SourceQuality "1"]

1. d4 Nf6 2. c4 c5 3. d5 b5 4. cxb5 a6 5. bxa6 Bxa6 6. Nf3 g6 7. g3 d6 8. Bg2 Bg7 9. 0-0 0-0 10. Nc3 Nbd7 11. Re1 Qa5 12. Qc2 Qc7 13. e4 Ng4 14. h3 Nge5 15. Nxe5 Nxe5 16. b3 c4 17. Rb1 Nd3 18. Re3 Bd4 19. Nb5 Bxb5 20. Rxd3 Qc5 21. Rf3 cxb3 22. Qxb3 Be2 1/2-1/2

[Event "Figueira da Foz op 6th"]
[Site "Figueira da Foz"]
[Date "2009.11.29"]
[Round "1"]
[White "Dias, Paulo Jorge Guimara"]
[Black "Sousa, Joao Francisco Silv"]
[Result "1-0"]
[WhiteElo "2406"]
[BlackElo "1852"]
[PlyCount "49"]
[EventDate "2009.11.27"]
[EventType "swiss"]
[EventRounds "9"]
[EventCountry "POR"]
[SourceTitle "CBM 133 Extra"]
[Source "ChessBase"]
[SourceDate "2010.01.05"]
[SourceVersion "1"]
[SourceVersionDate "2010.01.05"]
[SourceQuality "1"]

1. d4 Nf6 2. c4 c5 3. d5 b5 4. cxb5 a6 5. Nc3 axb5 6. e4 b4 7. Nb5 d6 8. Bf4 g5 9. Bxg5 Nxe4 10. Bf4 Bd7 11. Bc4 Qa5 12. Qe2 Kd8 13. Nf3 Bg7 14. 0-0 h6 15. Rfe1 Re8 16. a4 Nf6 17. Qd2 Bxb5 18. Bxb5 Rh8 19. Nh4 Nbd7 20. Nf5 Bf8 21. Bxh6 Bxh6 22. Nxh6 Rh7 23. Bd3 Rxh6 24. Qxh6 Ne5 25. Qf8+ 1-0